| 000 | 00562nam a2200193 u 4500 | ||
|---|---|---|---|
| 001 | 000022975 | ||
| 005 | 20200930021915.0 | ||
| 008 | 101123s2003 sp a r 000 | spa d | ||
| 020 | _a8495163764 | ||
| 082 |
_axxx _bU766u |
||
| 100 | 1 |
_aUriel Jiménez, Ezequiel _947247 |
|
| 245 | 1 | 4 |
_aUna aproximación a las balanzas fiscales de las comunidades autónomas / _cEzequiel Uriel Jiménez. |
| 260 |
_aBilbao : _bFundación BBVA, _c2003. |
||
| 300 |
_a505 p. : _bil. ; _c24 cm. |
||
| 490 | _aBBVA | ||
| 830 | 0 |
_aBBVA _947232 |
|
| 049 | _aBNGR | ||
| 999 |
_c22472 _d22472 |
||
| 040 | _aDO-SdBNP | ||